Social security in 10 industrial nations
Zapisane w:
| Format: | Książka |
|---|---|
| Język: | Undetermined |
| Wydane: |
Switzerland
Union bank of Switzerland
1977
|
| Hasła przedmiotowe: | |
| Etykiety: |
Dodaj etykietę
Nie ma etykietki, Dołącz pierwszą etykiete!
|
| Thư viện lưu trữ: | Trung tâm Học liệu Trường Đại học Cần Thơ |
|---|
| LEADER | 00437nam a2200157Ia 4500 | ||
|---|---|---|---|
| 001 | CTU_82292 | ||
| 008 | 210402s9999 xx 000 0 und d | ||
| 082 | |a 368.4 | ||
| 082 | |b S678 | ||
| 245 | 0 | |a Social security in 10 industrial nations | |
| 260 | |a Switzerland | ||
| 260 | |b Union bank of Switzerland | ||
| 260 | |c 1977 | ||
| 650 | |a Social security | ||
| 904 | |i Trọng Hải | ||
| 980 | |a Trung tâm Học liệu Trường Đại học Cần Thơ | ||